Score 0/31 Timer 03:00
0 Plays Today
Clue 4-Letter Word % Correct
SpeakTALK
96.6%
Stroll down a pathWALK
96.2%
Disney, to his friendsWALT
95.6%
What a genie grantsWISH
94.8%
Green citrus fruitLIME
94.7%
Clenched handFIST
94.1%
A business that stores and lends moneyBANK
94%
'Can't Hardly ___'WAIT
93.8%
Stinging insectWASP
93.6%
Clean with waterWASH
93.1%
StoryTALE
91.9%
What a pescatarian eatsFISH
91.6%
Fisherman's lureBAIT
91.6%
A bundle of hayBALE
91.2%
'The Land that ___ Forgot'TIME
90.2%
'The ___ of my existence'BANE
90.1%
Clue 4-Letter Word % Correct
Kill a dragonSLAY
89%
Italian automakerFIAT
88.8%
A term for a prison cellTANK
87.7%
Speech impedimentLISP
86.9%
One-dimensionalFLAT
86.9%
Mosaic partTILE
86.5%
Will-o-the-___WISP
85%
A wood stripSLAT
81.6%
EnglishmanBRIT
80.1%
Neuter an animalSPAY
79.6%
The sun, e,g.STAR
79.5%
WitheredLIMP
78.9%
Box in a ringSPAR
74.1%
A term for a ship's prisonBRIG
68.6%
A slang term for a prisonSTIR
27%

Today's Daily Dose

Missing Word
I Hardly Know Her!

Word Ladder
Sentence Ending

Quick Pick
Female Firsts

Get the Picture
Triathlon Sports

Remove Ads.
Support Sporcle.
Get the best of Sporcle when you Go Orange. This ad-free experience offers more features, more stats, and more fun while also helping to support Sporcle. Thank you for becoming a member.

You're not logged in!

Compare scores with friends on all Sporcle quizzes.
OR
Log In

Show Comments

Extras

Top Quizzes Today


Score Distribution

Your Account Isn't Verified!

In order to create a playlist on Sporcle, you need to verify the email address you used during registration. Go to your Sporcle Settings to finish the process.

Report this User

Report this user for behavior that violates our Community Guidelines.

Details: